000 00420nam a2200193Ia 4500
005 20251020182542.0
008 200515s9999 xx 000 0 und d
082 _a741:621(083)/E24
110 _aEdiciones Ceac
245 0 _aCálculos en mecánica
250 _a2a ed.
260 _aBarcelona
260 _c1980
300 _a253
500 _a1 ejemplar
650 _aLIB
650 _aMECANICA
942 _cLIB
999 _c2422
_d2422